000 00569nam a2200229Ia 4500
003 OSt
005 20220924144342.0
006 a|||||r|||| 00| 0
007 ta
008 220923b |||||||| |||| 00| 0 urd d
024 _a313752
037 _cTextual
040 _aARTS
_cARTS
_burd
041 _2urd
_aurd
082 _aO168,1MHAx, K6
100 _aHadi Mchli Shahri
_9217502
245 0 _aSada-e-dil
260 _c1966
650 _aURDU POETRY
942 _hO168,1MHAx, K6
_cTEXL
_2CC
999 _c456819
_d456819